Statistics for Bone Thugs-n-Harmony Discography

Click here to take the quiz!

General Stats

  • This quiz has been taken 2 times
  • The average score is 13 of 26

Answer Stats

Year Name Type % Correct
1993Faces of DeathAlbum
100%
2002Thug World OrderAlbum
100%
2013The Art of War: World War IIIAlbum
100%
2010Uni5: The World's EnemyAlbum
100%
2007Strength & LoyaltyAlbum
100%
1994Creepin on ah Come UpEP
100%
2017New WavesAlbum
100%
1997The Art of WarAlbum
100%
1995E. 1999 EternalAlbum
100%
2006Thug StoriesAlbum
50%
2004Greatest HitsCompilation
50%
2005Bone 4 LifeEP
50%
2000BTNHResurrectionAlbum
50%
1998The Collection, Vol. 1Compilation
50%
2007T.H.U.G.S.Compilation
50%
2000The Collection, Vol. 2Compilation
50%
2013Lost Archives, Vol. 1Compilation
0%
2010Thuggish IIMixtape
0%
2010Bone 2010Mixtape
0%
2001For Bud Smoker's OnlyCompilation
0%
2009The Fixtape Vol. 3: Special DeliveryMixtape
0%
2009Uni5 the Prequel: Special DeliveryCompilation
0%
2009The Book of ThugsCompilation
0%
2006Everyday ThugsCompilation
0%
2006Behind The HarmonyCompilation
0%
2007Eternal LegendsCompilation
0%

Score Distribution

Percentile by Number Answered

Percent of People with Each Score

Your Score History

You have not taken this quiz